| 000 | 00922cam a2200229 4500 | ||
|---|---|---|---|
| 001 | 8438 | ||
| 003 | OCoLC | ||
| 005 | 20181127185937.0 | ||
| 008 | 821109r19811972nyub b 001 0 eng d | ||
| 020 | _a0880290048 | ||
| 100 |
_aGarraty, John A. _b _c _d _eeditor _q |
||
| 245 | 0 | 4 |
_aThe Columbia history of the world / _ceditors: John A. Garraty [and] Peter Gay. |
| 260 |
_aNew York : _bDorset Press _c1981, c1972. |
||
| 300 |
_axx, 1237 p. : _bmaps, _c25 cm. |
||
| 500 | _a""This edition published ... by arrangement with Harper & Row, Publishers."" | ||
| 504 | _aIncludes bibliographical references and index. | ||
| 505 | 0 | _apt. 1. The ancient world -- pt. 2. The world, 500-1500 -- pt. 3. Toward modernity -- pt. 4. The age of revolution -- pt. 5. The modern world. | |
| 650 | 0 | _aWorld history. | |
| 700 | 1 |
_aGarraty, John A. _q(John Arthur), _d1920-2007 |
|
| 700 | 1 |
_aGay, Peter, _d1923-2015 |
|
| 710 | 2 | _aColumbia University. | |
| 999 |
_c7297 _d7297 |
||